Truyện dân gian thế giới = World folktales

Сохранить в:
Библиографические подробности
Главный автор: Anita Stern
Формат:
Язык:Undetermined
Опубликовано: Đà Nẵng Đà Nẵng 2003
Предметы:
Метки: Добавить метку
Нет меток, Требуется 1-ая метка записи!
Thư viện lưu trữ: Trung tâm Học liệu Trường Đại học Cần Thơ
LEADER 00600nam a2200217Ia 4500
001 CTU_58910
008 210402s9999 xx 000 0 und d
020 |b 20000 
082 |a 398.2 
082 |b S839 
100 |a Anita Stern 
245 0 |a Truyện dân gian thế giới = 
245 0 |b World folktales 
245 0 |c Anita Stern; SaiGon Book biên dịch 
260 |a Đà Nẵng 
260 |b Đà Nẵng 
260 |c 2003 
650 |a folk literature 
650 |x collections ( vietnamese ) 
904 |i Minh 
980 |a Trung tâm Học liệu Trường Đại học Cần Thơ